000
00312nam a22001337a 4500
003
SGT
020
_a
9789392787454
082
_a
658.4,SHA
100
_a
SHANKAR, TARA
245
_a
APPROCHES AND QUALITY PRACTICES IN MANAGEMENT SCIENCES
260
_a
NEW DELHI
_b
SSB
_c
2022
300
_a
150
942
_2
ddc
_c
BK
999
_c
32158
_d
32158